| 000 | 00345nam a2200133Ia 4500 | ||
|---|---|---|---|
| 008 | 150301s2014 xx 000 0 und d | ||
| 082 |
_a301 _bP14A |
||
| 100 | _aANTHIKAD, JACOB | ||
| 245 | _aPSYCHOLOGY&SOCIOLOGY FOR GNM | ||
| 260 |
_bJAYPEE MEDICAL PUB. _aDELHI _c2014 |
||
| 300 | _a262 | ||
| 650 | _aPSYCHOLOGY & SOCIOLOGY | ||
| 942 |
_2ddc _cBK _020 |
||
| 999 |
_c6771 _d6771 |
||